000 00200nam a22000737a 4500
999 _c24248
_d24248
003 Nust
005 20170529121223.0
008 140515b xxu||||| |||| 00| 0 eng d
010 _a91052668
020 _cAvailable
_a0006862985
040 _aDLC
_bDLC
_cRCMS
082 _a303.49 KEN
100 _aKennedy, Paul M.,
_91495
245 _aPreparing for the twenty-first century /
_cPaul Kenndy
250 _a1st,ed.
260 _aNew York :
_bRandom House
_cc1993
300 _axvi, 428 p. :
_bill,
_c24,cm.
505 _aGeneral Trends (Page-3), Regional Impacts (Page-137), Conclusion (Page-329)
538 _iShelf # 13, Row # 4, Fiction.
650 _aTwenty-first century.
_91496
856 _3Table of Content Only
942 _2ddc
_cFIC